LIBRARY & INFORMATION CENTRE, KCAET, TAVANUR

ONLINE PUBLIC ACCESS CATALOGUE (OPAC)

Code of practice for water Supply and Dramage in high Altitudes And/Or Sub-Bureau of indian standards / (Record no. 3062)

MARC details
000 -LEADER
fixed length control field 00731cam a2200157ua 4500
041 ## - LANGUAGE CODE
Language code of text/sound track or separate title eng
082 ## - DEWEY DECIMAL CLASSIFICATION NUMBER
Classification number 628.1
Item number BUR/CO
245 ## - TITLE STATEMENT
Title Code of practice for water Supply and Dramage in high Altitudes And/Or Sub-Bureau of indian standards /
250 ## - EDITION STATEMENT
Edition statement 1 /
260 ## - PUBLICATION, DISTRIBUTION, ETC. (IMPRINT)
Place of publication NewDelhi :
Name of publisher Bureau of Indian standards ,
Year of publication 1987.
300 ## - PHYSICAL DESCRIPTION
Number of Pages 14 ; .
942 ## - ADDED ENTRY ELEMENTS (KOHA)
Koha item type Books
Holdings
Withdrawn status Lost status Damaged status Home library Current library Date acquired Full call number Accession Number Koha item type
      KAUAET KAUAET 07/04/2012 628.1 17256 Standards
free website counter